Statistics for Superheroes by Toy

Click here to take the quiz!

General Stats

  • This quiz has been taken 104 times
  • The average score is 8 of 8

Answer Stats

Answer% Correct
Batman
99%
Spiderman
99%
Superman
98%
Wonder Woman
98%
Captain America
97%
Thor
97%
Hulk
96%
Iron Man
96%

Score Distribution

Percentile by Number Answered

Percent of People with Each Score

Your Score History

You have not taken this quiz